KOHA-Header-6

Sad Khalish (Record no. 8672)

000 -LEADER
fixed length control field 00259nam a2200109Ia 4500
100 ## - MAIN ENTRY--AUTHOR NAME
Personal name Doctor Siddiqa Arman
245 #0 - TITLE STATEMENT
Title Sad Khalish
260 ## - PUBLICATION, DISTRIBUTION, ETC. (IMPRINT)
Place of publication Karachi
Name of publisher Library Promotion
Year of publication 2001
300 ## - PHYSICAL DESCRIPTION
Number of Pages 452
942 ## - ADDED ENTRY ELEMENTS (KOHA)
Koha item type Books
Holdings
Withdrawn status Lost status Collection code Permanent Location Current Location Shelving location Date acquired Full call number Accession Number Koha item type
    Urdu Literature MAJU MAJU   2019-09-14 339 3560 Urdu Literature

Powered by Koha